| 000 | 01150nam a2200325 i 4500 | ||
|---|---|---|---|
| 003 | EG-GICUC | ||
| 005 | 20260423094557.0 | ||
| 008 | 260423s1966 fr adeofr|||| 00| 0 fre d | ||
| 040 |
_aEG-GiCUC _bfre _cEG-GiCUC _dEG-GiCUC _eRda |
||
| 041 | _afre | ||
| 082 | 0 | 4 |
_221 _a343.66 _bJO . D |
| 092 | 0 | 4 | _221 |
| 099 | _aLaw1 10 343.66 JO . D 1966 | ||
| 100 | 1 |
_aJorda, Maurice _eAuteur |
|
| 245 | 1 | 4 |
_a Les Délinquants Aliénés Et Anormaux Mentaux / _cDocteur Maurice Jorda ; Préface De Jean-Marie Aussel. |
| 264 | 1 |
_a Paris : _b Éditions Montchrestien, _c1966. |
|
| 300 |
_a511 page ; _c 24 cm. |
||
| 336 |
_2rda contenu _a texte |
||
| 337 |
_2rda medias _aOrdinateur |
||
| 338 |
_2 transporteur rda _a Ressource en ligne |
||
| 500 | _aComprend des illustrations en couleur, des cartes, des tableaux et des graphiques. | ||
| 504 | _aComprend des références bibliographiques. | ||
| 546 | _aTexte en français | ||
| 650 | 1 |
_aDroit pénal _2qrmak |
|
| 651 | 1 | _2qrmak | |
| 700 | 1 |
_a Aussel, Jean-Marie. _ePréfacier |
|
| 856 | 4 | 0 | _uhttps://fll.law.cu.edu.eg/fulltext/bks/B10-11084.pdf |
| 905 | _a167 | ||
| 942 |
_2ddc _cBK _e21 _n0 |
||
| 999 |
_c72960 _d72960 |
||